Handbook of automated analysis : continuous flow technique /
Guardado en:
| Autor Principal: | |
|---|---|
| Formato: | Libro |
| Idioma: | English |
| Publicado: |
New York :
M. Dekker,
c1981.
|
| Materias: | |
| Etiquetas: |
Agregar Etiqueta
Sin Etiquetas, Sea el primero en etiquetar este registro!
|
| LEADER | 00837cam a22002295a 4500 | ||
|---|---|---|---|
| 001 | EIQ.libpla001705 | ||
| 008 | 810219s1981####nyua#####bf###001#0#eng#d | ||
| 005 | 20061213163803.0 | ||
| 245 | 1 | 0 | |a Handbook of automated analysis : |b continuous flow technique / |c William A. Coakley. |
| 260 | |a New York : |b M. Dekker, |c c1981. | ||
| 300 | |a xii, 144 p. : |b il. ; |c 23 cm. | ||
| 504 | |a Incluye referencias bibliográfica e índice. | ||
| 020 | |a 0824713923 | ||
| 100 | 1 | |a Coakley, William A., |d 1941- | |
| 082 | 0 | 0 | |a 543 |2 19 |
| 650 | 4 | |a Química analítica |x Handbooks, manuales, etc. | |
| 650 | 4 | |a Química analítica |x Automatización. | |
| 650 | 4 | |a Chemistry, Analytic |x Automation. | |
| 650 | 4 | |a Chemistry, Analytic |x Handbooks, manuals, etc. | |
| 010 | |a 81001330 | ||
| 040 | |a DLC |c DLC |d AR-BbSID | ||
| 859 | |a AR-BbSID |b BIB. PLAPIQUI |h 543 |i C 63 |k R |p 1891 | ||
